No baú da memória revirando a história (Record no. 187307)

MARC details
000 -LÍDER
campo de controle de tamanho fixo 00396 a2200169 4500
001 - NÚMERO DE CONTROLE
campo de controle 187307
020 ## - ISBN - INTERNATIONAL STANDARD BOOK NUMBER
ISBN - International Standard Book Number 85-322-5692-9
040 ## - FONTE DA CATALOGAÇÃO
Instituição que transcreveu o registro Magnum
100 ## - ENTRADA PRINCIPAL--NOME PESSOAL
Nome pessoal Maria, Luzia de
240 10 - TÍTULO UNIFORME
Título uniforme No baú da memória revirando a história
Idioma da obra por
245 10 - TÍTULO
Título No baú da memória revirando a história
300 ## - DESCRIÇÃO FÍSICA
Extensão 31
362 0# - DATAS DE PUBLICAÇÃO E/OU DESIGNAÇÃO SEQUENCIAL
Datas de publicação e/ou designação sequencial 2006
440 #1 - DECLARAÇÃO DE SÉRIE/ENTRADA ADICIONADA--TÍTULO
Título FTD
697 ## - ENTRADA DE ASSUNTO LOCAL--ENTIDADE COLETIVA (RLIN)
Nome corporativo ou nome da jurisdição LITERATURA INFANTO
942 ## - ELEMENTOS DE ENTRADA ADICIONADOS (KOHA)
Tipo de material Koha Livros
Holdings
Situação do descarte Situação das perdas Situação física Não pode ser emprestado Biblioteca de origem Biblioteca atual Data de aquisição Total de empréstimos Número de chamada completo Código de barras Data de último acesso Data do preço efetivo Tipo de material Koha
        Magnum Magnum 08/06/2024   869.1.443 MAG00057649 08/06/2024 08/06/2024 Livros
        Magnum Magnum 08/06/2024   869.1.443 MAG00057650 08/06/2024 08/06/2024 Livros
        Magnum Magnum 08/06/2024   869.1.443 MAG00057651 08/06/2024 08/06/2024 Livros
        Magnum Magnum 08/06/2024   869.1.443 MAG00057652 08/06/2024 08/06/2024 Livros
        Magnum Magnum 08/06/2024   869.1.443 MAG00057653 08/06/2024 08/06/2024 Livros
        Magnum Magnum 08/06/2024   869.1.443 MAG00057654 08/06/2024 08/06/2024 Livros
        Magnum Magnum 08/06/2024   869.1.443 MAG00057655 08/06/2024 08/06/2024 Livros
        Magnum Magnum 08/06/2024   869.1.443 MAG00057656 08/06/2024 08/06/2024 Livros